<?xml version="1.0" encoding="UTF-8"?>
<collection xmlns="http://www.loc.gov/MARC21/slim">
 <record>
  <leader>00541cam a2200169 7i4500</leader>
  <controlfield tag="001">0000004202</controlfield>
  <controlfield tag="005">20080127090000.0</controlfield>
  <controlfield tag="008">071114s1968                        eng  </controlfield>
  <datafield tag="035" ind1="0" ind2="0">
   <subfield code="a">0076-17960</subfield>
  </datafield>
  <datafield tag="090" ind1="0" ind2="0">
   <subfield code="a">QL 639.5 </subfield>
   <subfield code="b">.H3 1968</subfield>
  </datafield>
  <datafield tag="100" ind1="1" ind2="0">
   <subfield code="a">Harden Jones, Frederick Robert </subfield>
  </datafield>
  <datafield tag="245" ind1="1" ind2="0">
   <subfield code="a">Fish migration  </subfield>
   <subfield code="c">F.R. Harden Jones.</subfield>
  </datafield>
  <datafield tag="260" ind1="0" ind2="0">
   <subfield code="a">London: </subfield>
   <subfield code="b">Arnold, </subfield>
   <subfield code="c">1968.</subfield>
  </datafield>
  <datafield tag="300" ind1="#" ind2="#">
   <subfield code="a">325 p.: </subfield>
   <subfield code="b">ill.; </subfield>
   <subfield code="c">26 cm..</subfield>
  </datafield>
  <datafield tag="650" ind1="0" ind2="0">
   <subfield code="a">Fishe -- </subfield>
   <subfield code="x">Migration </subfield>
  </datafield>
  <datafield tag="999" ind1=" " ind2=" ">
   <subfield code="a">1000393685</subfield>
   <subfield code="b">Book</subfield>
   <subfield code="c">Open Shelf</subfield>
   <subfield code="e">KOLEKSI TERBUKA</subfield>
  </datafield>
  <datafield tag="999" ind1=" " ind2=" ">
   <subfield code="a">1000393684</subfield>
   <subfield code="b">Book</subfield>
   <subfield code="c">Open Shelf</subfield>
   <subfield code="e">KOLEKSI TERBUKA</subfield>
  </datafield>
 </record>
</collection>
